000 00570nam a2200229Ia 4500
003 OSt
005 20220924145056.0
006 a|||||r|||| 00| 0
007 ta
008 220923b |||||||| |||| 00| 0 per d
024 _a325728
037 _cTextual
040 _aARTS
_cARTS
_bper
041 _2per
_aper
082 _aNR44, 164L8
100 _aSarmadi Shahab Au.
_9219050
245 0 _aGhaniatul muniya
260 _c1978
650 _aMUSIC
_917402
942 _hNR44, 164L8
_cTEXL
_2CC
999 _c459047
_d459047